00425 2200157 4500001002100000005001500021035002000036007000300056008004100059082000800100084001400108100001900122245005300141260005200194300002100246INLIS00000000000092120220614091402 a0010-0622000065ta220614 g 0 ind  a895 a895 AJI f0 aAjib, Muhammad1 aFiqih Wudhu Versi Madzhab Syafi /cMuhammad Ajib aJakarta Selatan :bRumah Fikih Publising,c2019 a38 hlm. ;c20 cm